000 00276nam a2200109Ia 4500
008 190914s9999||||xx |||||||||||||| ||und||
100 _aFazle Karim Khan
245 0 _aPakistan Geography Economy & People
260 _aUnited Kingdom
_bOxford
_c2003
300 _a668
942 _cBK
999 _c9682
_d9682